Statistics for Flags of WW1

Click here to take the quiz!

General Stats

  • This quiz has been taken 2,606 times
    (2,370 since last reset)
  • The average score is 19 of 22

Answer Stats

Answer% Correct
France
99%
United Kingdom
99%
Belgium
98%
United States of America
98%
Italy
96%
Australia
95%
Brazil
95%
Japan
95%
Austria-Hungary
94%
Serbia
94%
New Zealand
93%
Ottoman Empire
93%
Romania
93%
Portugal
92%
Germany
91%
Russian Empire
91%
Bulgaria
90%
Siam
87%
Canada
76%
South Africa
65%
China
55%
Newfoundland
37%

Score Distribution

Percentile by Number Answered

Percent of People with Each Score

Your Score History

You have not taken this quiz since the last reset